000 00224 a2200109 4500
020 _a8434814552
041 _aspa
100 _aCamus, William
245 _aAzules contra grises
440 _aBarco de vapor, 18.
942 _cBK
999 _c7783
_d7783